| 000 | 01082nam a22002297a 4500 | ||
|---|---|---|---|
| 999 |
_c2333 _d2333 |
||
| 003 | AR-CdUCM | ||
| 008 | 190304b ||||| |||| 00| 0 spa d | ||
| 020 | _a84-309-0605-3 | ||
| 040 |
_aMUNICIPALIDAD PROVINCIAL DEL CUSCO _cBIBLIOTECA MUNICIPAL DEL CUSCO |
||
| 082 |
_a312 / _bB22 |
||
| 110 |
_aBanco mundial _98413 |
||
| 245 |
_aPolíticas de población y desarrollo económico : _bInforme del banco mundial / |
||
| 260 |
_aMadrid : _bEditorial tecnos ; _c1975. |
||
| 300 |
_a223 paginas ; _c23 cm. |
||
| 505 | _aContenido :Tendencias demográficas recientes y perspectivas futuras -- Políticas para disminuir la fecundidad en los países en desarrollo -- Interrelaciones de variables de insumo de programa y variables socio económicos -- Resultado de los programas de planificación familiar -- El sistema de reparto de la planificación familiar ... | ||
| 650 |
_aDemografía del Perú _98414 |
||
| 650 |
_aGeografía e historia _98415 |
||
| 650 |
_aEconomía peruana _98416 |
||
| 700 |
_aJiménez Herrera, Julián (traductor) _98417 |
||
| 942 |
_2ddc _cLIBROS |
||
| 945 | _arum | ||